00609nam a2200193 i 450000100060000000300090000600500170001500700030003200800410003504000200007610000330009624501140012925000120024326000580025530000210031361000260033465000310036085200240039168477ES-MaACL20230906170308.0t|960805s1887 sp ||||1| spa d aCAM bspa cCAM1 aGarcía López, Anastasio.13aEl indispensable para los bañistas de Ledesma b: memoria abreviada ... / cpor Anastasio García López. a6ª ed. aMadrid : b[s.n.], c1887 (fTip. de los Huérfanos) a26 p. ; c20 cm.24aBalneario de Ledesma. 4aAguas minerales-zLedesma. aES-MaACLjT-717-F-1